<?xml version="1.0" encoding="UTF-8"?><?xml-stylesheet type="text/xsl" href="static/style.xsl"?><OAI-PMH xmlns="http://www.openarchives.org/OAI/2.0/" xmlns:xsi="http://www.w3.org/2001/XMLSchema-instance" xsi:schemaLocation="http://www.openarchives.org/OAI/2.0/ http://www.openarchives.org/OAI/2.0/OAI-PMH.xsd"><responseDate>2026-04-17T18:50:50Z</responseDate><request verb="GetRecord" identifier="oai:www.recercat.cat:10256/18387" metadataPrefix="marc">https://recercat.cat/oai/request</request><GetRecord><record><header><identifier>oai:recercat.cat:10256/18387</identifier><datestamp>2024-05-22T11:24:59Z</datestamp><setSpec>com_2072_452966</setSpec><setSpec>com_2072_2054</setSpec><setSpec>col_2072_452968</setSpec></header><metadata><record xmlns="http://www.loc.gov/MARC21/slim" xmlns:dcterms="http://purl.org/dc/terms/" xmlns:xsi="http://www.w3.org/2001/XMLSchema-instance" xmlns:doc="http://www.lyncode.com/xoai" xsi:schemaLocation="http://www.loc.gov/MARC21/slim http://www.loc.gov/standards/marcxml/schema/MARC21slim.xsd">
   <leader>00925njm 22002777a 4500</leader>
   <datafield ind2=" " ind1=" " tag="042">
      <subfield code="a">dc</subfield>
   </datafield>
   <datafield ind2=" " ind1=" " tag="720">
      <subfield code="a">Costa Murtra, Martí</subfield>
      <subfield code="e">author</subfield>
   </datafield>
   <datafield ind2=" " ind1=" " tag="260">
      <subfield code="c">2019-11</subfield>
   </datafield>
   <datafield ind2=" " ind1=" " tag="520">
      <subfield code="a">Background&#xd;
&#xd;
Most of the patients that suffer from Idiopathic Pulmonary Fibrosis (IPF) end up experiencing&#xd;
hypoxaemia at some point of their pathologic progression. That is expressed in desaturation (SpO2) of&#xd;
blood oxygen (O2) in a pulse oximetry, dyspnoea and a worsening of the quality of life with it. All&#xd;
patients with Chronic Respiratory Insufficiency (CRI), with basal blood gasometric levels of less than&#xd;
SpO2 89% or PaO2 60 mmHg, are treated a minimum of 15 hours per day with domiciliary O2 therapy in&#xd;
order to hold these levels up to an acceptable threshold. However, this prescription is based in low quality&#xd;
evidence and most of it is brought by analogy from the evidence reported in patients with Chronic&#xd;
Obstructive Pulmonary Disease (COPD)(1)(2)(3). Even today mildly hypoxic patients are treated with&#xd;
oxygen depending on subjective factors and no statistically significant studies have been conducted in&#xd;
patients with IPF to prove oxygenotherapy’s positive or negative effects(4). Furthermore, since the&#xd;
prognostic of IPF is poor and its course is torpid, to improve the patient’s quality of life, and to report&#xd;
what role oxygen might play in that, has to be a priority.&#xd;
Objective&#xd;
&#xd;
The main objective of this study is to evaluate the impact of continuous domiciliary oxygen therapy in&#xd;
patients with IPF and with chronic hypoxia but without CRI, and see if their quality of life, their physical&#xd;
and respiratory capacities and their survival expectancy are improved.&#xd;
&#xd;
Design&#xd;
&#xd;
This trial will be a prospective, multicentric, controlled and randomized study.&#xd;
&#xd;
Methods&#xd;
&#xd;
All subjects (N= 358) will be enrolled consecutively in various sanitary centres and assigned randomly to&#xd;
a group intervention (n1= 179) or a group control (n2= 179). The first ones will receive a minimum of 16&#xd;
hours of continuous oxygen therapy a day for 2 years, while the second group will not. A third group&#xd;
(n3=97) of patients with basal SpO2&lt; 89% and/or basal PaO2 &lt;60 mmHg (CRI) will be followed with the&#xd;
same O2 prescription to see their progression throughout the disease course.&#xd;
We defined the primary outcome as the punctuation stated by the participants in a quality of life&#xd;
questionnaire called EuroQol-5D-5L (see annex 1). Secondary outcomes will be number of&#xd;
hospitalisations due to any cause, number of acute exacerbations and time to the first one, a comparison&#xd;
of the dyspnoea between two groups through mMRC scale, the evolution in the 6mWT and functional&#xd;
respiratory parameters (measured in RFT) and the survivors rate at 5 years.&#xd;
&#xd;
Participants&#xd;
&#xd;
Patients with a certified diagnose of IPF, under 80 years old, with a basal blood SpO2 of &lt;95% and RFT&#xd;
with FVC 50-80% and a DLco >35% will be welcome to participate</subfield>
   </datafield>
   <datafield ind1="8" ind2=" " tag="024">
      <subfield code="a">http://hdl.handle.net/10256/18387</subfield>
   </datafield>
   <datafield tag="653" ind2=" " ind1=" ">
      <subfield code="a">Fibrosi pulmonar</subfield>
   </datafield>
   <datafield tag="653" ind2=" " ind1=" ">
      <subfield code="a">Pulmonary fibrosis</subfield>
   </datafield>
   <datafield tag="653" ind2=" " ind1=" ">
      <subfield code="a">Oxigenoteràpia</subfield>
   </datafield>
   <datafield tag="653" ind2=" " ind1=" ">
      <subfield code="a">Oxygen therapy</subfield>
   </datafield>
   <datafield tag="653" ind2=" " ind1=" ">
      <subfield code="a">Anoxèmia</subfield>
   </datafield>
   <datafield tag="653" ind2=" " ind1=" ">
      <subfield code="a">Anoxemia</subfield>
   </datafield>
   <datafield tag="653" ind2=" " ind1=" ">
      <subfield code="a">Pacients -- Satisfacció</subfield>
   </datafield>
   <datafield tag="653" ind2=" " ind1=" ">
      <subfield code="a">Patient satisfaction</subfield>
   </datafield>
   <datafield tag="653" ind2=" " ind1=" ">
      <subfield code="a">Qualitat de vida</subfield>
   </datafield>
   <datafield tag="653" ind2=" " ind1=" ">
      <subfield code="a">Quality of life</subfield>
   </datafield>
   <datafield ind2="0" ind1="0" tag="245">
      <subfield code="a">Impact of oxygen therapy on quality of life in patients with idiopathic pulmonary fibrosis and hypoxaemia</subfield>
   </datafield>
</record></metadata></record></GetRecord></OAI-PMH>